|
|
|
|
| LEADER |
00676cam a2200241 7i4500 |
| 001 |
0000036751 |
| 005 |
20220221090000.0 |
| 007 |
ta |
| 008 |
220121 |
| 020 |
|
|
|a 9789672137320
|
| 040 |
|
|
|a MATR
|
| 090 |
0 |
0 |
|a FM 899.2333
|b EMY
|
| 100 |
0 |
|
|a Emy Roberto
|e author
|
| 245 |
1 |
0 |
|a Jangan Benci Cintaku
|c Emy Roberto.
|
| 264 |
|
0 |
|a Kajang, Selangor:
|b Idea Kreatif Publication,
|c 2018.
|
| 300 |
|
|
|a 570 pages;
|c 19 cm.
|
| 336 |
|
|
|a text
|2 rdacontent
|
| 337 |
|
|
|a unmediated
|2 rdamedia
|
| 338 |
|
|
|a volume
|2 rdacarrier
|
| 500 |
|
|
|a Screen adaption
|
| 650 |
0 |
0 |
|a Malay fiction
|
| 650 |
0 |
0 |
|a Malaysian fiction (Malay)
|
| 999 |
|
|
|a B000041660
|b Book
|c Book
|e Business Information Centre
|